<?xml version="1.0" encoding="UTF-8"?>
<record
    xmlns:xsi="http://www.w3.org/2001/XMLSchema-instance"
    xsi:schemaLocation="http://www.loc.gov/MARC21/slim http://www.loc.gov/standards/marcxml/schema/MARC21slim.xsd"
    xmlns="http://www.loc.gov/MARC21/slim">

  <leader>01877njm a2200373Ia 4500</leader>
  <controlfield tag="001">23795</controlfield>
  <controlfield tag="003">IT-RoPAU</controlfield>
  <controlfield tag="005">20220918181201.0</controlfield>
  <controlfield tag="008">131025s9999    xx            000 0 und d</controlfield>
  <datafield tag="040" ind1=" " ind2=" ">
    <subfield code="a">IT-RoPAU</subfield>
  </datafield>
  <datafield tag="040" ind1=" " ind2=" ">
    <subfield code="c">IT-RoPAU</subfield>
  </datafield>
  <datafield tag="999" ind1=" " ind2=" ">
    <subfield code="c">102984</subfield>
    <subfield code="d">102984</subfield>
  </datafield>
  <datafield tag="999" ind1=" " ind2=" ">
    <subfield code="b">n.d.</subfield>
  </datafield>
  <datafield tag="100" ind1=" " ind2=" ">
    <subfield code="a">AA.VV.</subfield>
    <subfield code="9">794</subfield>
  </datafield>
  <datafield tag="100" ind1=" " ind2=" ">
    <subfield code="e">Autore musica</subfield>
    <subfield code="9">5952</subfield>
  </datafield>
  <datafield tag="100" ind1=" " ind2=" ">
    <subfield code="g">Codice autore musica SPICS: 12000</subfield>
    <subfield code="9">796</subfield>
  </datafield>
  <datafield tag="245" ind1=" " ind2=" ">
    <subfield code="a">Overture (K.H. Adler)-Lp Decca Sxl 6909</subfield>
  </datafield>
  <datafield tag="250" ind1=" " ind2=" ">
    <subfield code="a">2a ed.</subfield>
  </datafield>
  <datafield tag="260" ind1=" " ind2=" ">
    <subfield code="a">LONDON</subfield>
  </datafield>
  <datafield tag="260" ind1=" " ind2=" ">
    <subfield code="b">DECCA RECORD COMPANY</subfield>
    <subfield code="c">1980 [1a Ed.:1978]</subfield>
  </datafield>
  <datafield tag="300" ind1=" " ind2=" ">
    <subfield code="a">DISCO</subfield>
  </datafield>
  <datafield tag="300" ind1=" " ind2=" ">
    <subfield code="c">55 minuti (Testo:  pag.)</subfield>
  </datafield>
  <datafield tag="500" ind1=" " ind2=" ">
    <subfield code="a">Musica classica. Musica operistica. Overture.</subfield>
  </datafield>
  <datafield tag="505" ind1=" " ind2=" ">
    <subfield code="a">Der Tempelritter: overture ((9:00) - Die Gezeichneten: overture (12:00) - Corregidor: overture (6:00) - Intermezzo Before Act II of "Die Drei Pintos" (6:00) - Merlin: overture (13:00) - Francesca Von Rimini: overture (12:00)</subfield>
  </datafield>
  <datafield tag="511" ind1=" " ind2=" ">
    <subfield code="a">National Philharmonic Orchestra diretta da Adler Kurt Herbert</subfield>
  </datafield>
  <datafield tag="650" ind1=" " ind2=" ">
    <subfield code="a">OUVERTURE [DISCHI]</subfield>
    <subfield code="e">Codice MATERIA SPICS: 9950</subfield>
    <subfield code="9">5953</subfield>
  </datafield>
  <datafield tag="700" ind1=" " ind2=" ">
    <subfield code="a">Nicolai Otto</subfield>
    <subfield code="d">Codice autore musica SPICS: 13790</subfield>
    <subfield code="e">Autore musica</subfield>
    <subfield code="p">Der Tempelritter: overture</subfield>
    <subfield code="9">5954</subfield>
  </datafield>
  <datafield tag="700" ind1=" " ind2=" ">
    <subfield code="a">Schreker Franz</subfield>
    <subfield code="d">Codice autore musica SPICS: 13813</subfield>
    <subfield code="e">Autore musica</subfield>
    <subfield code="p">Die Gezeichneten: overture</subfield>
    <subfield code="9">5955</subfield>
  </datafield>
  <datafield tag="700" ind1=" " ind2=" ">
    <subfield code="a">Wolf Hugo</subfield>
    <subfield code="d">Codice autore musica SPICS: 13814</subfield>
    <subfield code="e">Autore musica</subfield>
    <subfield code="p">Corregidor: overture</subfield>
    <subfield code="9">5956</subfield>
  </datafield>
  <datafield tag="700" ind1=" " ind2=" ">
    <subfield code="a">Weber (Von) Carl M.</subfield>
    <subfield code="d">Codice autore musica SPICS: 10693</subfield>
    <subfield code="e">Autore musica</subfield>
    <subfield code="p">Intermezzo Before Act II of "Die Drei Pintos"</subfield>
    <subfield code="9">5957</subfield>
  </datafield>
  <datafield tag="700" ind1=" " ind2=" ">
    <subfield code="a">Mahler Gustav</subfield>
    <subfield code="d">Codice autore SPICS: 4334</subfield>
    <subfield code="e">Autore</subfield>
    <subfield code="p">Intermezzo Before Act II of "Die Drei Pintos"</subfield>
    <subfield code="9">5958</subfield>
  </datafield>
  <datafield tag="700" ind1=" " ind2=" ">
    <subfield code="a">Goldmark Karoly</subfield>
    <subfield code="d">Codice autore musica SPICS: 13815</subfield>
    <subfield code="e">Autore musica</subfield>
    <subfield code="p">Merlin: overture</subfield>
    <subfield code="9">5959</subfield>
  </datafield>
  <datafield tag="700" ind1=" " ind2=" ">
    <subfield code="a">Goetz Hermann</subfield>
    <subfield code="d">Codice autore musica SPICS: 13816</subfield>
    <subfield code="e">Autore musica</subfield>
    <subfield code="p">Francesca Von Rimini: overture</subfield>
    <subfield code="9">5960</subfield>
  </datafield>
  <datafield tag="942" ind1=" " ind2=" ">
    <subfield code="c">MD</subfield>
    <subfield code="2">ddc</subfield>
  </datafield>
  <datafield tag="952" ind1=" " ind2=" ">
    <subfield code="0">0</subfield>
    <subfield code="1">0</subfield>
    <subfield code="4">0</subfield>
    <subfield code="6">23795_000000000000000</subfield>
    <subfield code="7">1</subfield>
    <subfield code="a">SPICS</subfield>
    <subfield code="b">SPICS</subfield>
    <subfield code="d">2013-10-25</subfield>
    <subfield code="l">0</subfield>
    <subfield code="o">23795</subfield>
    <subfield code="r">2013-10-25 00:00:00</subfield>
    <subfield code="w">2013-10-25</subfield>
    <subfield code="y">MD</subfield>
    <subfield code="z">Progr. Ins.: 4642 / N.Vol.: 1 / Copie: 1 - Copia rara: n.d. / date import: 01.01.2014 - By Epidotti, Trombetti, Vaglietti</subfield>
  </datafield>
</record>
